| 000 | 00542nam a2200181 i 4500 | ||
|---|---|---|---|
| 001 | 79226 | ||
| 003 | ES-MaACL | ||
| 005 | 20230906173930.0 | ||
| 007 | t| | ||
| 008 | 041020m19691971sp ||||1| spa d | ||
| 100 | 1 |
_aHerenguel, Jean. _962706 |
|
| 245 | 1 | 0 |
_aMetalurgia especial / _cpor Jean Herenguel ; traducido por Javier Mª Elustondo. |
| 260 |
_aBilbao : _bUrmo, _c1969-1971. |
||
| 300 |
_av. : _bil. ; _c25 cm. |
||
| 500 | _aSon los t. 1º y 2º. | ||
| 700 | 1 |
_aElustondo, Javier María. _947121 |
|
| 852 |
_aES-MaACL _jP-1588 _bR.72413 |
||
| 999 |
_c79226 _d79226 |
||